[Event "Calvia Amateur op 19th"]
[Site "Calvia"]
[Date "2022.10.16"]
[Round "9"]
[White "Moore, Graham J"]
[Black "Svarc, Roman"]
[Result "1-0"]
[WhiteElo "2218"]
[BlackElo "2021"]
[PlyCount "61"]
[EventDate "2022.10.08"]
[EventType "swiss"]
[EventRounds "9"]
[EventCountry "ESP"]
[SourceTitle "CBM 210 Extra"]
[Source "ChessBase"]
[SourceDate "2022.11.30"]
[SourceVersion "1"]
[SourceVersionDate "2022.11.30"]
[SourceQuality "1"]

1. e4 c5 2. Nf3 Nc6 3. d4 cxd4 4. Nxd4 Nf6 5. Nc3 e5 6. Ndb5 d6 7. Bg5 a6 8. Na3 b5 9. Nd5 Be7 10. Nxe7 Nxe7 11. Bxf6 gxf6 12. Bd3 d5 13. Qe2 f5 14. 0-0-0 b4 15. Nb1 Qb6 16. exd5 Qd6 17. Rhe1 e4 18. Bc4 Ra7 19. f3 0-0 20. fxe4 fxe4 21. Qxe4 Bf5 22. Qe5 Qh6+ 23. Qe3 Qxe3+ 24. Rxe3 Rc8 25. b3 Kf8 26. h3 h5 27. Rd4 Rd7 28. Nd2 Rc5 29. g4 hxg4 30. hxg4 Rdxd5 31. Bxd5 1-0

[Event "Calvia Amateur op 19th"]
[Site "Calvia"]
[Date "2022.10.15"]
[Round "8"]
[White "Svarc, Roman"]
[Black "Navarrete Terrasa, Antonio"]
[Result "1-0"]
[WhiteElo "2021"]
[BlackElo "1871"]
[PlyCount "73"]
[EventDate "2022.10.08"]
[EventType "swiss"]
[EventRounds "9"]
[EventCountry "ESP"]
[SourceTitle "CBM 210 Extra"]
[Source "ChessBase"]
[SourceDate "2022.11.30"]
[SourceVersion "1"]
[SourceVersionDate "2022.11.30"]
[SourceQuality "1"]

1. c4 c6 2. Nf3 d5 3. cxd5 cxd5 4. d4 Nf6 5. Nc3 Nc6 6. Bf4 a6 7. e3 Bg4 8. Bd3 e6 9. 0-0 Bd6 10. Re1 Bxf4 11. exf4 Nxd4 12. Qa4+ Nc6 13. Ne5 0-0 14. Rac1 Qb6 15. h3 Bf5 16. Bxf5 exf5 17. Nd1 Nxe5 18. fxe5 Qe6 19. Qb4 Nd7 20. f4 Qb6+ 21. Qxb6 Nxb6 22. Ne3 g6 23. Rc7 Rab8 24. Rd1 Rfd8 25. Rd4 Rdc8 26. Rxc8+ Rxc8 27. Kf2 h5 28. g4 hxg4 29. hxg4 fxg4 30. Rb4 Rc6 31. Nxg4 d4 32. Nf6+ Kf8 33. Rxb6 Rc2+ 34. Ke1 d3 35. Rxb7 Rc1+ 36. Kd2 Rf1 37. Nd5 1-0

[Event "Calvia Amateur op 19th"]
[Site "Calvia"]
[Date "2022.10.12"]
[Round "5"]
[White "Svarc, Roman"]
[Black "Martinez Pla, Xavier"]
[Result "0-1"]
[WhiteElo "2021"]
[BlackElo "2292"]
[PlyCount "84"]
[EventDate "2022.10.08"]
[EventType "swiss"]
[EventRounds "9"]
[EventCountry "ESP"]
[SourceTitle "CBM 210 Extra"]
[Source "ChessBase"]
[SourceDate "2022.11.30"]
[SourceVersion "1"]
[SourceVersionDate "2022.11.30"]
[SourceQuality "1"]

1. c4 c5 2. Nc3 Nf6 3. Nf3 e6 4. e4 d6 5. d4 cxd4 6. Nxd4 a6 7. g3 Qc7 8. Qe2 b6 9. Bg2 Bb7 10. 0-0 Be7 11. f4 Nc6 12. Be3 0-0 13. Rac1 Nxd4 14. Bxd4 Nd7 15. b3 Rfe8 16. Qf2 Rac8 17. b4 Ba8 18. Bh3 Qb7 19. f5 Bf6 20. fxe6 fxe6 21. Bxf6 Nxf6 22. Qf4 Qe7 23. Rfd1 Red8 24. Nd5 exd5 25. Bxc8 Rxc8 26. exd5 Nd7 27. Re1 Ne5 28. Qe4 Re8 29. a4 a5 30. bxa5 bxa5 31. Rb1 Bb7 32. h3 Bc8 33. Kg2 Qd7 34. g4 h5 35. Rb5 Ba6 36. Rxa5 Bxc4 37. gxh5 Qc7 38. Rb5 Bxb5 39. axb5 Qc5 40. Re3 Qxb5 41. h6 gxh6 42. Qd4 Re7 0-1

[Event "Calvia Amateur op 19th"]
[Site "Calvia"]
[Date "2022.10.09"]
[Round "2"]
[White "Svarc, Roman"]
[Black "Castell Cantero, Jose Juan"]
[Result "1-0"]
[WhiteElo "2021"]
[BlackElo "1487"]
[PlyCount "93"]
[EventDate "2022.10.08"]
[EventType "swiss"]
[EventRounds "9"]
[EventCountry "ESP"]
[SourceTitle "CBM 210 Extra"]
[Source "ChessBase"]
[SourceDate "2022.11.30"]
[SourceVersion "1"]
[SourceVersionDate "2022.11.30"]
[SourceQuality "1"]

1. c4 c6 2. Nf3 d5 3. cxd5 cxd5 4. d4 Nc6 5. Nc3 Nf6 6. Bf4 Qb6 7. Na4 Qb4+ 8. Bd2 Qd6 9. Nc3 e5 10. dxe5 Nxe5 11. Nd4 Bg4 12. Ndb5 Qb6 13. Be3 Bc5 14. Bxc5 Qxc5 15. Nxd5 Nxd5 16. Qxd5 Qb4+ 17. Nc3 Qe7 18. e3 0-0 19. h3 Bd7 20. Bb5 Nc6 21. 0-0 a6 22. Be2 Be6 23. Qf3 Rad8 24. Bxa6 Qb4 25. Rab1 Bc4 26. Bxc4 Qxc4 27. Qe4 Qc5 28. Rfc1 Rfe8 29. Qf4 Qe7 30. Nb5 Nb4 31. Rc7 Qf8 32. Qc4 Nd5 33. Rxb7 Nf6 34. b4 Re4 35. Nd4 Ne8 36. Qb3 Nd6 37. Rc7 Qe8 38. b5 Rb8 39. a4 Nb7 40. Qc3 Nd6 41. Qc5 Qf8 42. a5 Ree8 43. b6 Rec8 44. a6 Rxc7 45. Qxc7 Ra8 46. b7 Ra7 47. Nc6 1-0

[Event "EUR-ch Seniors 50"]
[Site "Prague"]
[Date "2021.08.31"]
[Round "2.3"]
[White "Plachetka, Jan"]
[Black "Svarc, Roman"]
[Result "1/2-1/2"]
[WhiteElo "2307"]
[BlackElo "2030"]
[PlyCount "38"]
[EventDate "2021.08.30"]
[EventType "team-tourn"]
[EventRounds "9"]
[EventCountry "CZE"]
[SourceTitle "CBM 204 Extra"]
[Source "ChessBase"]
[SourceDate "2021.11.30"]
[SourceVersion "1"]
[SourceVersionDate "2021.11.30"]
[SourceQuality "1"]
[WhiteTeam "Slovakia 50"]
[BlackTeam "Udlice Sokol 50"]
[WhiteTeamCountry "SVK"]
[BlackTeamCountry "CZE"]

1. d4 Nf6 2. c4 c5 3. d5 b5 4. cxb5 a6 5. bxa6 Bxa6 6. Nc3 d6 7. g3 g6 8. Bg2 Bg7 9. Nf3 0-0 10. 0-0 Nbd7 11. Qc2 Ra7 12. Rd1 Qa8 13. Nh4 Rb8 14. Rb1 Rb4 15. a3 Rb6 16. b4 Rab7 17. Qa4 Qb8 18. Bd2 cxb4 19. axb4 Bc4 1/2-1/2

[Event "Kadan op"]
[Site "Kadan"]
[Date "2014.??.??"]
[Round "5"]
[White "Svarc, Roman"]
[Black "Bechyne, Jaroslav"]
[Result "1/2-1/2"]
[WhiteElo "2073"]
[BlackElo "2083"]
[PlyCount "53"]
[EventDate "2014.08.??"]
[EventType "swiss"]
[EventRounds "9"]
[EventCountry "CZE"]
[SourceTitle "EXT 2016"]
[Source "ChessBase"]
[SourceDate "2015.10.08"]
[SourceVersion "1"]
[SourceVersionDate "2015.10.08"]
[SourceQuality "1"]

1. c4 e5 2. Nc3 Nf6 3. g3 d5 4. cxd5 Nxd5 5. Bg2 Nb6 6. d3 Be7 7. Nf3 Nc6 8. 0-0 Be6 9. Be3 0-0 10. Ne4 Re8 11. a3 f6 12. Qc2 Kh8 13. b4 a6 14. Rac1 Nd5 15. Bc5 Bd6 16. Rfd1 Qe7 17. d4 f5 18. Neg5 e4 19. Nxe6 exf3 20. Nxc7 Qxc7 21. Bxf3 Nce7 22. Qb3 Nf6 23. Bxd6 Qxd6 24. Bxb7 Rab8 25. Bf3 Ne4 26. Qd3 Nd5 27. Rc4 1/2-1/2

[Event "Kadan op"]
[Site "Kadan"]
[Date "2014.??.??"]
[Round "8"]
[White "Svarc, Roman"]
[Black "Molnar, Ladislav"]
[Result "1-0"]
[WhiteElo "2073"]
[BlackElo "1804"]
[PlyCount "83"]
[EventDate "2014.08.??"]
[EventType "swiss"]
[EventRounds "9"]
[EventCountry "CZE"]
[SourceTitle "EXT 2016"]
[Source "ChessBase"]
[SourceDate "2015.10.08"]
[SourceVersion "1"]
[SourceVersionDate "2015.10.08"]
[SourceQuality "1"]

1. c4 c5 2. Nc3 Nc6 3. g3 g6 4. Bg2 Bg7 5. Nf3 e6 6. 0-0 Nge7 7. d3 0-0 8. Be3 d6 9. Qc1 Nf5 10. Bg5 f6 11. Bd2 Ncd4 12. e3 Nc6 13. a3 h5 14. Rb1 a5 15. Nb5 Rb8 16. d4 e5 17. Bc3 g5 18. Qd2 b6 19. dxc5 g4 20. Ne1 Nce7 21. cxd6 Ng6 22. Qd3 Be6 23. Nc7 Bd7 24. Bd5+ Kh7 25. Be6 Nh6 26. f4 Bc6 27. fxe5 fxe5 28. Rxf8 Qxf8 29. Bd5 Bd7 30. Ng2 Bf5 31. e4 Bd7 32. Rf1 Qh8 33. Ne6 Qc8 34. Ng5+ Kh8 35. Nf7+ Kh7 36. Qd2 Nxf7 37. Rxf7 Qc5+ 38. Kh1 Qxd6 39. Rxd7 Rf8 40. Ne3 Qf6 41. Nf5 Ne7 42. Rxe7 1-0

[Event "Jirasek Memorial op 23rd"]
[Site "Rakovnik"]
[Date "2011.08.07"]
[Round "3"]
[White "Svarc, Roman"]
[Black "Masek, Jan"]
[Result "0-1"]
[WhiteElo "2125"]
[BlackElo "1966"]
[PlyCount "84"]
[EventDate "2011.08.06"]
[EventType "swiss"]
[EventRounds "9"]
[EventCountry "CZE"]
[SourceTitle "CBM 143 Extra"]
[Source "ChessBase"]
[SourceDate "2011.08.29"]
[SourceVersion "1"]
[SourceVersionDate "2011.08.29"]
[SourceQuality "1"]

1. c4 Nf6 2. Nc3 e5 3. Nf3 Nc6 4. g3 Bb4 5. Qc2 0-0 6. Bg2 Re8 7. 0-0 Nd4 8. Nxd4 exd4 9. Nb5 Bc5 10. e3 a6 11. Nxd4 Bxd4 12. exd4 d5 13. b3 dxc4 14. bxc4 Qxd4 15. Bb2 Qb6 16. Rfe1 Bf5 17. Qc3 c5 18. h3 Rad8 19. g4 Bg6 20. f4 Rd3 21. Rxe8+ Nxe8 22. Qe5 f6 23. Bd5+ Kf8 24. Qe2 Qxb2 25. Re1 Rxd5 26. Qe7+ Kg8 27. cxd5 Qd4+ 28. Re3 Qxd5 29. Qe6+ Qxe6 30. Rxe6 Kf8 31. f5 Bf7 32. Rb6 Bd5 33. a3 Ke7 34. Kf2 Nd6 35. d3 Nb5 36. a4 Kd7 37. h4 Kc7 38. a5 Bc6 39. Ke3 Kd6 40. Kf4 Kd5 41. g5 Kd4 42. h5 h6 0-1

[Event "CZE-chT2B 1011"]
[Site "Czech Republic"]
[Date "2011.02.06"]
[Round "7.2"]
[White "Svarc, Roman"]
[Black "Vales, Vaclav"]
[Result "1-0"]
[WhiteElo "2107"]
[BlackElo "2193"]
[PlyCount "113"]
[EventDate "2010.10.17"]
[EventType "team-tourn"]
[EventRounds "11"]
[EventCountry "CZE"]
[SourceTitle "EXT 2012"]
[Source "ChessBase"]
[SourceDate "2011.11.24"]
[SourceVersion "1"]
[SourceVersionDate "2011.11.24"]
[SourceQuality "1"]
[WhiteTeam "Podborany"]
[BlackTeam "Decin"]
[WhiteTeamCountry "CZE"]
[BlackTeamCountry "CZE"]

1. c4 c6 2. Nc3 d5 3. cxd5 cxd5 4. d4 Nf6 5. Nf3 Nc6 6. Bf4 e6 7. e3 Be7 8. Bd3 0-0 9. 0-0 Nh5 10. Re1 f5 11. Rc1 Bd7 12. Bb5 Nf6 13. Bxc6 Bxc6 14. Ne5 Nd7 15. Nxc6 bxc6 16. Na4 Rc8 17. a3 g5 18. Bg3 Qe8 19. Rc3 c5 20. dxc5 Nxc5 21. Nxc5 Rxc5 22. Rxc5 Bxc5 23. Be5 Qf7 24. b4 Bb6 25. Qc2 f4 26. exf4 gxf4 27. a4 Qf5 28. Qxf5 Rxf5 29. a5 Be3 30. Bb2 Bd2 31. Rxe6 Bxb4 32. a6 d4 33. Bxd4 Rd5 34. Re4 Bc5 35. Bc3 Rd6 36. Kf1 Rxa6 37. Rxf4 Ra2 38. Rf5 Bb6 39. h4 Rc2 40. Bf6 h6 41. g4 Rc4 42. f3 Rc2 43. Be5 Rf2+ 44. Ke1 Rg2 45. Rf6 Be3 46. Bf4 Bf2+ 47. Kf1 Bxh4 48. Kxg2 Bxf6 49. Bxh6 Kf7 50. Bd2 Bb2 51. f4 Ke6 52. Kf3 Bd4 53. Ke4 Bb2 54. f5+ Kf7 55. g5 Ba1 56. g6+ Ke7 57. Be3 1-0

[Event "CZE-chT2B 1011"]
[Site "Czech Republic"]
[Date "2010.12.05"]
[Round "4.3"]
[White "Svarc, Roman"]
[Black "Oresky, Jan"]
[Result "1/2-1/2"]
[WhiteElo "2107"]
[BlackElo "2213"]
[PlyCount "88"]
[EventDate "2010.10.17"]
[EventType "team-tourn"]
[EventRounds "11"]
[EventCountry "CZE"]
[SourceTitle "EXT 2012"]
[Source "ChessBase"]
[SourceDate "2011.11.24"]
[SourceVersion "1"]
[SourceVersionDate "2011.11.24"]
[SourceQuality "1"]
[WhiteTeam "Podborany"]
[BlackTeam "Novoborsky III"]
[WhiteTeamCountry "CZE"]
[BlackTeamCountry "CZE"]

1. c4 Nf6 2. Nc3 d5 3. cxd5 Nxd5 4. g3 Nb6 5. Bg2 g6 6. d3 Bg7 7. Be3 Nc6 8. Nf3 a5 9. Qd2 a4 10. Bh6 0-0 11. h4 Ra5 12. h5 gxh5 13. 0-0-0 a3 14. b3 Bg4 15. Bxg7 Kxg7 16. Rh4 Qd6 17. Ng5 Qg6 18. Nh3 Rc5 19. Kb1 Bxh3 20. Bxh3 f5 21. d4 Rxc3 22. Qxc3 Nd5 23. Qf3 Ncb4 24. Rd2 f4+ 25. Kc1 fxg3 26. Qxg3 Qxg3 27. fxg3 Nc3 28. Rxh5 Ncxa2+ 29. Kb1 Nc3+ 30. Ka1 b6 31. Re5 Rf7 32. Re3 Nbd5 33. Rf3 b5 34. Be6 Rxf3 35. exf3 Kf6 36. Bxd5 Nxd5 37. Rh2 Kg6 38. Ka2 b4 39. Rc2 e6 40. Rc6 Kf6 41. Rc4 Kf5 42. Kb1 h5 43. Ka1 Kg5 44. Rc6 Kf5 1/2-1/2

[Event "CZE-chT2B 1011"]
[Site "Czech Republic"]
[Date "2010.11.07"]
[Round "2.4"]
[White "Svarc, Roman"]
[Black "Bauma, Jiri"]
[Result "0-1"]
[WhiteElo "2107"]
[BlackElo "2150"]
[PlyCount "52"]
[EventDate "2010.10.17"]
[EventType "team-tourn"]
[EventRounds "11"]
[EventCountry "CZE"]
[SourceTitle "EXT 2012"]
[Source "ChessBase"]
[SourceDate "2011.11.24"]
[SourceVersion "1"]
[SourceVersionDate "2011.11.24"]
[SourceQuality "1"]
[WhiteTeam "Podborany"]
[BlackTeam "Praha Dukla"]
[WhiteTeamCountry "CZE"]
[BlackTeamCountry "CZE"]

1. c4 d6 2. Nc3 c6 3. Nf3 Be6 4. d3 g6 5. g3 Bg7 6. Bg2 Nf6 7. 0-0 Qc8 8. Ng5 Bd7 9. Re1 Na6 10. Rb1 Nc7 11. b4 h6 12. Nge4 Nxe4 13. Nxe4 f5 14. Nd2 0-0 15. f4 e5 16. c5 exf4 17. Nc4 Bd4+ 18. Kh1 fxg3 19. Nxd6 Qd8 20. hxg3 f4 21. Rf1 Qg5 22. e3 fxg3 23. Rf7 Qh4+ 24. Kg1 Qh2+ 25. Kf1 Rxf7+ 26. Nxf7 Rf8 0-1

[Event "CZE-chT2B 0910"]
[Site "Czech Republic"]
[Date "2010.04.18"]
[Round "11.3"]
[White "Janda, Zdenek"]
[Black "Svarc, Roman"]
[Result "0-1"]
[WhiteElo "2161"]
[BlackElo "2135"]
[PlyCount "118"]
[EventDate "2009.10.18"]
[EventType "team-tourn"]
[EventRounds "11"]
[EventCountry "CZE"]
[SourceTitle "EXT 2012"]
[Source "ChessBase"]
[SourceDate "2011.11.24"]
[SourceVersion "1"]
[SourceVersionDate "2011.11.24"]
[SourceQuality "1"]
[WhiteTeam "Decin"]
[BlackTeam "Jirkov"]
[WhiteTeamCountry "CZE"]
[BlackTeamCountry "CZE"]

1. d4 Nf6 2. c4 c5 3. d5 b5 4. cxb5 a6 5. b6 d6 6. Nc3 Nbd7 7. e4 g6 8. h3 Bg7 9. Nf3 0-0 10. Bd3 Nxb6 11. 0-0 a5 12. Re1 Ba6 13. Bxa6 Rxa6 14. Qd3 Qa8 15. Bg5 a4 16. Nd2 Rb8 17. Rab1 Ra5 18. f4 Qa6 19. Qc2 c4 20. a3 Nbd7 21. Na2 Rab5 22. Nb4 Rxb4 23. axb4 Rxb4 24. Kh1 Nh5 25. e5 dxe5 26. Bxe7 Rb7 27. Qxc4 Qxc4 28. Nxc4 Nxf4 29. d6 Nd3 30. Re2 e4 31. b4 axb3 32. Na5 Rb5 33. Nxb3 f5 34. Nd2 Rxb1+ 35. Nxb1 Kf7 36. Na3 Bd4 37. Nb5 Bb6 38. Bg5 N7e5 39. Ra2 Ke6 40. Ra6 Nc4 41. Na3 Nxa3 42. Rxb6 Nc4 43. Rb7 Nxd6 44. Re7+ Kd5 45. Rxh7 Nc4 46. Kg1 f4 47. Re7 Nce5 48. Bf6 Nc4 49. h4 Nd2 50. Bg5 Kd4 51. g4 Nf3+ 52. Kg2 Nxg5 53. hxg5 Ne5 54. Re6 f3+ 55. Kg3 e3 56. Rd6+ Ke4 57. Ra6 e2 58. Ra4+ Ke3 59. Ra5 Nd3 0-1

[Event "CZE-chT2B 0910"]
[Site "Czech Republic"]
[Date "2010.02.14"]
[Round "7.3"]
[White "Svarc, Roman"]
[Black "Sochor, Jiri"]
[Result "1/2-1/2"]
[WhiteElo "2135"]
[BlackElo "2301"]
[PlyCount "38"]
[EventDate "2009.10.18"]
[EventType "team-tourn"]
[EventRounds "11"]
[EventCountry "CZE"]
[SourceTitle "EXT 2012"]
[Source "ChessBase"]
[SourceDate "2011.11.24"]
[SourceVersion "1"]
[SourceVersionDate "2011.11.24"]
[SourceQuality "1"]
[WhiteTeam "Jirkov"]
[BlackTeam "Usti nad Labem"]
[WhiteTeamCountry "CZE"]
[BlackTeamCountry "CZE"]

1. c4 e5 2. Nc3 Nf6 3. Nf3 Nc6 4. e3 Bb4 5. Nd5 e4 6. Ng1 0-0 7. Ne2 Nxd5 8. cxd5 Ne5 9. Ng3 f5 10. a3 Be7 11. d3 Nxd3+ 12. Bxd3 exd3 13. Qxd3 d6 14. 0-0 a5 15. b3 Qe8 16. Bb2 c5 17. dxc6 bxc6 18. Rfe1 d5 19. Rac1 Be6 1/2-1/2

[Event "CZE-chT2B 0910"]
[Site "Czech Republic"]
[Date "2010.01.31"]
[Round "6.3"]
[White "Oresky, Jan"]
[Black "Svarc, Roman"]
[Result "1-0"]
[WhiteElo "2133"]
[BlackElo "2135"]
[PlyCount "73"]
[EventDate "2009.10.18"]
[EventType "team-tourn"]
[EventRounds "11"]
[EventCountry "CZE"]
[SourceTitle "EXT 2012"]
[Source "ChessBase"]
[SourceDate "2011.11.24"]
[SourceVersion "1"]
[SourceVersionDate "2011.11.24"]
[SourceQuality "1"]
[WhiteTeam "Novoborsky III"]
[BlackTeam "Jirkov"]
[WhiteTeamCountry "CZE"]
[BlackTeamCountry "CZE"]

1. e4 c5 2. Nf3 Nc6 3. d4 cxd4 4. Nxd4 Nf6 5. Nc3 e5 6. Ndb5 d6 7. Bg5 a6 8. Na3 b5 9. Bxf6 gxf6 10. Nd5 Bg7 11. Bd3 Ne7 12. Nxe7 Qxe7 13. c4 0-0 14. 0-0 f5 15. Qf3 bxc4 16. Nxc4 d5 17. exd5 e4 18. Qe3 Qb7 19. Bc2 Rb8 20. Rfd1 Qb4 21. b3 Bd7 22. Rac1 Rfc8 23. Bb1 Kh8 24. Qa7 Rb7 25. Qxa6 Rbc7 26. d6 Rc6 27. Qa7 Be6 28. Qe3 Bxc4 29. Rxc4 Rxc4 30. bxc4 Be5 31. c5 Bf6 32. d7 Rb8 33. Qb3 Qxb3 34. axb3 Bd8 35. Bc2 Kg7 36. Rd6 Kf8 37. Rd5 1-0

[Event "Pardubice KV op"]
[Site "Pardubice"]
[Date "2010.??.??"]
[Round "7"]
[White "Smid, Miroslav"]
[Black "Svarc, Roman"]
[Result "1-0"]
[WhiteElo "2200"]
[BlackElo "2120"]
[PlyCount "70"]
[EventDate "2010.07.??"]
[EventType "swiss"]
[EventRounds "7"]
[EventCountry "CZE"]
[SourceTitle "EXT 2012"]
[Source "ChessBase"]
[SourceDate "2011.11.24"]
[SourceVersion "1"]
[SourceVersionDate "2011.11.24"]
[SourceQuality "1"]

1. d4 Nf6 2. Nf3 g6 3. g3 Bg7 4. c4 c5 5. Nc3 cxd4 6. Nxd4 0-0 7. Bg2 Nc6 8. 0-0 Nxd4 9. Qxd4 d6 10. Qh4 Re8 11. h3 Rb8 12. Be3 a6 13. Rfd1 Qa5 14. Ba7 Ra8 15. Bd4 g5 16. b4 Qf5 17. g4 Qg6 18. Qg3 h5 19. Nd5 e5 20. Nxf6+ Bxf6 21. Bc3 Re6 22. Rd2 hxg4 23. hxg4 Rb8 24. Rad1 b5 25. cxb5 axb5 26. Rxd6 Rxd6 27. Rxd6 Qb1+ 28. Bf1 Be6 29. Bxe5 Bxe5 30. Qxe5 Qxb4 31. Rxe6 Qxg4+ 32. Bg2 Qxe6 33. Qxb8+ Kg7 34. Qxb5 Qxa2 35. Qxg5+ Kf8 1-0

[Event "CZE-chT2B 0910"]
[Site "Czech Republic"]
[Date "2009.10.18"]
[Round "1.3"]
[White "Svarc, Roman"]
[Black "Drabek, Vojtech"]
[Result "1/2-1/2"]
[WhiteElo "2135"]
[BlackElo "2165"]
[PlyCount "84"]
[EventDate "2009.10.18"]
[EventType "team-tourn"]
[EventRounds "11"]
[EventCountry "CZE"]
[SourceTitle "EXT 2012"]
[Source "ChessBase"]
[SourceDate "2011.11.24"]
[SourceVersion "1"]
[SourceVersionDate "2011.11.24"]
[SourceQuality "1"]
[WhiteTeam "Jirkov"]
[BlackTeam "Neratovice"]
[WhiteTeamCountry "CZE"]
[BlackTeamCountry "CZE"]

1. c4 Nf6 2. Nc3 c5 3. Nf3 Nc6 4. d4 cxd4 5. Nxd4 g6 6. g3 Bg7 7. Bg2 0-0 8. 0-0 Ng4 9. e3 Nge5 10. Qe2 d6 11. Nxc6 bxc6 12. Bd2 Bg4 13. f3 Be6 14. b3 d5 15. cxd5 cxd5 16. Rac1 Rc8 17. Rfd1 Qb6 18. Na4 Qd6 19. Bc3 Bd7 20. Bxe5 Bxe5 21. Rxc8 Rxc8 22. f4 Bf6 23. Bxd5 Qc7 24. Be4 Bxa4 25. bxa4 Rb8 26. Qd2 Rb2 27. Qd8+ Qxd8 28. Rxd8+ Kg7 29. Ra8 Re2 30. Rxa7 Rxe3 31. Ba8 Rxg3+ 32. hxg3 Bd4+ 33. Kg2 Bxa7 34. a5 f5 35. a6 Kf6 36. Kf3 e5 37. fxe5+ Kxe5 38. Bc6 g5 39. g4 fxg4+ 40. Kxg4 Kf6 41. Kh5 Be3 42. Kh6 g4+ 1/2-1/2

[Event "Jirasek Memorial op-A"]
[Site "Rakovnik"]
[Date "2009.08.11"]
[Round "5"]
[White "Pinc, Miroslav"]
[Black "Svarc, Roman"]
[Result "1/2-1/2"]
[WhiteElo "2184"]
[BlackElo "2146"]
[PlyCount "103"]
[EventDate "2009.08.08"]
[EventType "swiss"]
[EventRounds "9"]
[EventCountry "CZE"]
[SourceTitle "EXT 2010"]
[Source "ChessBase"]
[SourceDate "2010.11.25"]
[SourceVersion "1"]
[SourceVersionDate "2010.11.25"]
[SourceQuality "1"]

1. d4 Nf6 2. Nf3 g6 3. g3 Bg7 4. Bg2 0-0 5. 0-0 d6 6. Nc3 Nbd7 7. e4 e5 8. h3 c6 9. Bg5 Qb6 10. dxe5 dxe5 11. Rb1 h6 12. Be3 Qb4 13. Nd2 Ne8 14. g4 b6 15. Re1 Ba6 16. a3 Qe7 17. Qc1 Rd8 18. b4 Nd6 19. a4 Kh7 20. b5 Bb7 21. bxc6 Bxc6 22. Qa3 Qe6 23. Nb5 Bxb5 24. axb5 Rc8 25. Qd3 Rc7 26. Red1 Rfc8 27. c4 Bf8 28. Ra1 Nf6 29. Ra4 Nxc4 30. Nxc4 Rxc4 31. Rxa7 Rc3 32. Qb1 Bc5 33. Bxc5 R8xc5 34. Qb2 Kg7 35. Qd2 Qc4 36. Ra8 Rc1 37. Kh2 Rxd1 38. Qxd1 Qd4 39. Qxd4 exd4 40. Rd8 Rxb5 41. Rxd4 g5 42. Bf1 Re5 43. f3 Kf8 44. Kg3 h5 45. gxh5 Nxh5+ 46. Kf2 Ke7 47. Rb4 Re6 48. Rb5 f6 49. h4 Re5 50. Rxe5+ fxe5 51. hxg5 Kf7 52. Ke3 1/2-1/2

[Event "Jirasek Memorial op-A"]
[Site "Rakovnik"]
[Date "2009.08.08"]
[Round "1"]
[White "Masek, Jan"]
[Black "Svarc, Roman"]
[Result "0-1"]
[WhiteElo "1967"]
[BlackElo "2146"]
[PlyCount "118"]
[EventDate "2009.08.08"]
[EventType "swiss"]
[EventRounds "9"]
[EventCountry "CZE"]
[SourceTitle "EXT 2010"]
[Source "ChessBase"]
[SourceDate "2010.11.25"]
[SourceVersion "1"]
[SourceVersionDate "2010.11.25"]
[SourceQuality "1"]

1. e4 d5 2. exd5 Nf6 3. Nc3 Nxd5 4. Nxd5 Qxd5 5. d4 e5 6. dxe5 Qxd1+ 7. Kxd1 Bc5 8. f4 0-0 9. Nf3 Nc6 10. Bd3 Bg4 11. h3 Bxf3+ 12. gxf3 Rad8 13. Bd2 f6 14. e6 f5 15. Re1 g6 16. Bc4 Kg7 17. c3 Rfe8 18. Kc2 Ne7 19. a4 a5 20. Re5 Bb6 21. Rae1 c6 22. R5e2 Kf6 23. Ba2 Nd5 24. c4 Nb4+ 25. Bxb4 axb4 26. Re5 Bc7 27. e7 Rd7 28. Re6+ Kg7 29. c5 Bxf4 30. R1e2 Bg5 31. a5 Rexe7 32. Bc4 Rxe6 33. Rxe6 Be7 34. a6 bxa6 35. Rxc6 a5 36. b3 Kh6 37. Rc8 Kg5 38. c6 Ra7 39. Rb8 Bd6 40. Rd8 Be5 41. Rd5 Bg3 42. Rd4 Rc7 43. Bd5 Bf2 44. Rc4 Kf6 45. Kd3 g5 46. Rc2 Bb6 47. Kc4 Re7 48. Kb5 Bc7 49. Ka6 Ke5 50. Re2+ Kd6 51. Rxe7 Kxe7 52. Kb7 Kd6 53. Bc4 h5 54. Be2 a4 55. bxa4 b3 56. Bd3 g4 57. fxg4 fxg4 58. hxg4 hxg4 59. Be4 g3 0-1

[Event "Teplice op 2nd"]
[Site "Teplice"]
[Date "2007.06.23"]
[Round "9"]
[White "Svarc, Roman"]
[Black "Kucera, Petr1111"]
[Result "1/2-1/2"]
[WhiteElo "2175"]
[BlackElo "2025"]
[PlyCount "108"]
[EventDate "2007.06.16"]
[EventType "swiss"]
[EventRounds "9"]
[EventCountry "CZE"]
[SourceTitle "CBM 118 Extra"]
[Source "ChessBase"]
[SourceDate "2007.07.04"]
[SourceVersion "1"]
[SourceVersionDate "2007.07.04"]
[SourceQuality "1"]

1. c4 Nf6 2. Nc3 g6 3. Nf3 Bg7 4. g3 0-0 5. Bg2 d6 6. d4 c6 7. e4 Nbd7 8. 0-0 e5 9. h3 Re8 10. Re1 Qc7 11. Be3 h6 12. Qd2 Kh7 13. Rad1 Nf8 14. Nh4 a6 15. f4 Ne6 16. Nf3 Nh5 17. Kh2 exd4 18. Nxd4 Nxd4 19. Bxd4 Be6 20. Bxg7 Nxg7 21. Qxd6 Qa5 22. Qd3 Rad8 23. Qe2 Qb4 24. Bf1 Qa5 25. e5 Rxd1 26. Rxd1 Rd8 27. Ne4 Ne8 28. Rxd8 Qxd8 29. Nc5 Bc8 30. Qe3 b6 31. Ne4 Bf5 32. Nc3 Qc7 33. g4 Be6 34. Bd3 Ng7 35. Ne4 Ne8 36. Kg2 Qd7 37. Ng3 Ng7 38. Kf3 Kh8 39. f5 gxf5 40. gxf5 Bxf5 41. Qxh6+ Kg8 42. Bxf5 Nxf5 43. Qg5+ Ng7 44. Qg4 Qd3+ 45. Kg2 Qd2+ 46. Qe2 Qf4 47. Qe4 Qd2+ 48. Qe2 Qf4 49. Qf2 Qxc4 50. Qxb6 Qd5+ 51. Kf2 Qxe5 52. Qd8+ Kh7 53. Qh4+ Kg8 54. Qd8+ Kh7 1/2-1/2

[Event "Teplice op 2nd"]
[Site "Teplice"]
[Date "2007.06.19"]
[Round "5"]
[White "Vavrousek, Petr"]
[Black "Svarc, Roman"]
[Result "0-1"]
[WhiteElo "1894"]
[BlackElo "2175"]
[PlyCount "50"]
[EventDate "2007.06.16"]
[EventType "swiss"]
[EventRounds "9"]
[EventCountry "CZE"]
[SourceTitle "CBM 118 Extra"]
[Source "ChessBase"]
[SourceDate "2007.07.04"]
[SourceVersion "1"]
[SourceVersionDate "2007.07.04"]
[SourceQuality "1"]

1. e4 c5 2. Nf3 Nc6 3. d4 cxd4 4. Nxd4 Nf6 5. Nc3 e5 6. Ndb5 d6 7. Nd5 Nxd5 8. exd5 Ne7 9. c3 Nf5 10. Bd3 Be7 11. a4 0-0 12. 0-0 a6 13. Na3 Nh4 14. f4 f5 15. fxe5 dxe5 16. c4 f4 17. Nc2 Bc5+ 18. Kh1 Qg5 19. Be4 Bf5 20. Qe2 Rf6 21. b4 Rh6 22. bxc5 Qg3 23. Bxf4 exf4 24. Rxf4 Qxf4 25. Bxf5 Nxf5 0-1